000
00224nam a2200097Ia 4500
008
231212s1987 xx 000 0 und d
041
_a
eng
100
_a
Mileaf Harry
245
_a
Electricity
260
_a
Bombay
_b
Pitman
_c
1987
999
_c
959969
_d
959969